Mapa, která změnila svět : William Smith a zrození moderní geologie /

Hlavní autor: Winchester, Simon, 1944-
Další autoři: Gojda, Jiří, 1929-
Jazyk: Čeština
Vydáno: Praha : BB art, 2004
Vydání: 1. vyd. v českém jazyce
Témata:
Externí odkaz: Digitalizovaný dokument
Fyzický popis: 303 s. : il., mapy ; 21 cm
Knihy
Uloženo v:
LEADER 01945nam a2200517 a 4500
001 000719795
003 CZ BrMZK
005 20040616152744.0
007 ta
008 040604s2004 xr ab e 000 0dcze
015 |a cnb001312934 
020 |a 80-7341-152-0  |q (váz.) :  |c Kč 229,00 
035 |a (OCoLC)56850696 
040 |a BOA001  |c ze  |d BOA001 
041 1 |a cze  |h eng 
043 |a e-uk-en 
072 7 |a 929  |x Biografie  |2 Konspekt  |9 8 
072 7 |a 551  |x Geologie. Meteorologie. Klimatologie  |2 Konspekt  |9 7 
080 |a 528.912:55  |2 MRF 
080 |a (410.1)  |2 MRF 
080 |a (092)  |2 MRF 
080 |a (0.062)  |2 MRF 
080 |a 929  |2 MRF 
080 |a 55-051  |2 MRF 
080 |a 551.7  |2 MRF 
100 1 |a Winchester, Simon,  |d 1944-  |7 xx0021355  |4 aut 
245 1 0 |a Mapa, která změnila svět :  |b William Smith a zrození moderní geologie /  |c Simon Winchester ; přeložil Jiří Gojda 
246 3 3 |a William Smith a zrození moderní geologie 
250 |a 1. vyd. v českém jazyce 
260 |a Praha :  |b BB art,  |c 2004 
300 |a 303 s. :  |b il., mapy ;  |c 21 cm 
500 |a Přeloženo z angličtiny 
500 |a Terminologický slovník 
504 |a Obsahuje bibliografii a rejstřík 
600 1 7 |a Smith, William,  |d 1769-1839  |7 xx0020968  |2 czenas 
650 0 7 |a geologové  |7 ph120533  |z Anglie  |2 czenas 
650 0 7 |a stratigrafie  |7 ph126131  |z Anglie  |2 czenas 
650 0 7 |a geologické mapování  |7 ph202528  |z Anglie  |2 czenas 
655 7 |a populárně-naučné publikace  |7 fd131864  |2 czenas 
655 7 |a biografie  |7 fd131909  |2 czenas 
700 1 |a Gojda, Jiří,  |d 1929-  |7 jk01032506  |4 trl 
765 0 |t <<The >>map that changed the world  |9 Česky 
856 4 1 |u http://www.digitalniknihovna.cz/mzk/uuid/uuid:410cdc60-8a9c-11e3-bd09-005056827e51  |y Digitalizovaný dokument  |x NDK 
910 |a BOA001  |b 2-1137.027 
990 |a BK 
996 6 |b 2610221772  |c 2-1137.027  |l MZK  |r Sklad / do 1 hodiny  |n 0  |p p.v.  |w 000719795  |u 000010  |a 1  |e BOA001  |j MZK50  |s P